| 000 | 00517nam a2200169 i 4500 | ||
|---|---|---|---|
| 001 | 32427 | ||
| 003 | ES-MaACL | ||
| 005 | 20230906154554.0 | ||
| 007 | t| | ||
| 008 | 030131s1966 sp ||||1| spa d | ||
| 100 | 1 |
_aBenito Ruano, Eloy. _927689 |
|
| 245 | 1 | 0 |
_aDos sátiras contra Felipe II / _cpor Eloy Benito Ruano. |
| 260 |
_aValladolid : _bUniversidad, _c1966. |
||
| 300 |
_a2 h. ; _c25 cm. |
||
| 500 | _aEs separata de: Homenaje al Profesor Alarcos, t. II, p. 579-581. | ||
| 852 |
_aES-MaACL _j2094-F-7 _bR.91114 |
||
| 999 |
_c32427 _d32427 |
||